[Event "10th Biel Festival"]
[Site "Biel SUI"]
[Date "1977.07.30"]
[Round "11"]
[White "Wirthensohn, Heinz"]
[Black "Partos, Charles"]
[Result "1/2-1/2"]
[WhiteElo "2390"]
[BlackElo "2415"]
[EventDate "1977.07.18"]
[PlyCount "63"]

1.d4 Nf6 2.Nf3 b5 3.Bg5 d5 4.e3 c6 5.Nbd2 h6 6.Bh4 Bf5 7.Bd3 Bxd3 8.cxd3 
Nbd7 9.Rc1 Qb6 10.O-O e6 11.Bxf6 gxf6 12.Qc2 Rc8 13.e4 dxe4 14.dxe4 c5 15.
a4 a6 16.axb5 axb5 17.d5 Rg8 18.b3 Ra8 19.Ra1 Ra6 20.Ra2 Bd6 21.dxe6 fxe6 
22.Rxa6 Qxa6 23.e5 Nxe5 24.Nxe5 Bxe5 25.Qh7 Kf8 26.Nf3 Qc6 27.Qxh6+ Ke7 
28.Qh7+ Kf8 29.Re1 Bd4 30.Qh6+ Ke7 31.Qh7+ Kf8 32.Qh6+ 1/2-1/2

[Event "10th Biel Festival"]
[Site "Biel SUI"]
[Date "1977.07.30"]
[Round "11"]
[White "Lombard, Andre"]
[Black "Hernandez Onna, Roman"]
[Result "1/2-1/2"]
[WhiteElo "2410"]
[BlackElo "2435"]
[EventDate "1977.07.18"]
[PlyCount "65"]

1.d4 Nf6 2.c4 e6 3.Nc3 Bb4 4.e3 O-O 5.Bd3 d5 6.Nf3 c5 7.O-O dxc4 8.Bxc4 
cxd4 9.exd4 Nc6 10.Re1 a6 11.Bd3 Be7 12.a3 b5 13.Bc2 Ra7 14.Be3 Rd7 15.Qe2
Bb7 16.Red1 Qa8 17.Rac1 Rfd8 18.Bb1 Na5 19.Ne5 Rd6 20.g4 Nc6 21.Nxc6 Bxc6 
22.g5 Nd5 23.Nxd5 Bxd5 24.Rc7 R6d7 25.Rdc1 g6 26.Bd3 Rxc7 27.Rxc7 Bd6 28.
Rc1 Bf3 29.Qd2 Qb8 30.h3 Rc8 31.Rxc8+ Qxc8 32.Bf1 Qc6 33.Bf4 1/2-1/2

[Event "10th Biel Festival"]
[Site "Biel SUI"]
[Date "1977.07.30"]
[Round "11"]
[White "Hug, Werner"]
[Black "Vukic, Milan"]
[Result "1/2-1/2"]
[WhiteElo "2445"]
[BlackElo "2495"]
[EventDate "1977.07.18"]
[PlyCount "78"]

1.Nf3 Nf6 2.e3 g6 3.c4 Bg7 4.Nc3 O-O 5.Be2 d6 6.d4 Nbd7 7.O-O e5 8.b4 Re8 
9.a4 e4 10.Nd2 Nf8 11.Ba3 h5 12.b5 N8h7 13.a5 Bf5 14.a6 b6 15.Rc1 Bh6 16.
Kh1 Ng4 17.Qe1 Ng5 18.Nd5 Ne6 19.Nb3 Bg5 20.Rd1 Ng7 21.Nb4 Be6 22.Bb2 Nf5 
23.Qc3 Nf6 24.Nc6 Qc8 25.d5 Bd7 26.Ncd4 Ng7 27.f4 Bh6 28.Kg1 Nh7 29.Kf2 
Qd8 30.g3 g5 31.Ke1 Qf6 32.Kd2 Nf8 33.Kc1 Qg6 34.Nc6 g4 35.Nbd4 Nh7 36.Rf2
Kf8 37.Nb4 Nf5 38.Nxf5 Bxf5 39.Nc6 Bg7 1/2-1/2

[Event "10th Biel Festival"]
[Site "Biel SUI"]
[Date "1977.08.02"]
[Round "12"]
[White "Hernandez Onna, Roman"]
[Black "Hug, Werner"]
[Result "1/2-1/2"]
[WhiteElo "2435"]
[BlackElo "2445"]
[EventDate "1977.07.18"]
[PlyCount "44"]

1.c4 g6 2.Nc3 Bg7 3.g3 Nf6 4.Bg2 O-O 5.Nf3 c6 6.O-O d6 7.d4 Bg4 8.h3 Bxf3 
9.Bxf3 Nbd7 10.h4 e5 11.d5 c5 12.e4 h5 13.a3 a6 14.Rb1 Qe7 15.Qe2 Rfc8 16.
Bg2 Rc7 17.Bh3 Re8 18.Bg5 Qf8 19.Rbe1 Nh7 20.Bd2 Bh6 21.Bxh6 Qxh6 22.f4 
Ndf6 1/2-1/2

[Event "10th Biel Festival"]
[Site "Biel SUI"]
[Date "1977.08.03"]
[Round "13"]
[White "Wirthensohn, Heinz"]
[Black "Vukic, Milan"]
[Result "1/2-1/2"]
[WhiteElo "2390"]
[BlackElo "2495"]
[EventDate "1977.07.18"]
[PlyCount "107"]

1.c4 Nf6 2.Nc3 g6 3.g3 Bg7 4.Bg2 O-O 5.e4 d6 6.Nge2 e5 7.O-O c5 8.a3 Nc6 
9.Rb1 a5 10.d3 Be6 11.Kh1 Ne8 12.Be3 Nc7 13.Qd2 Rb8 14.a4 Re8 15.b3 b6 16.
Nb5 Na6 17.Nec3 Nd4 18.Na2 Qe7 19.Nbc3 Nc7 20.Nb5 f5 21.Bg5 Qd7 22.Nxc7 
Qxc7 23.exf5 Nxf5 24.Nc3 Rf8 25.Be3 Kh8 26.Rbe1 Rbe8 27.Kg1 Qd7 28.Nd5 
Bxd5 29.Bxd5 Ne7 30.Bg2 d5 31.Qc1 dxc4 32.dxc4 Qd3 33.Qd1 Rd8 34.Bg5 Qxd1 
35.Rxd1 Rxd1 36.Rxd1 Nf5 37.Bd8 Nd4 38.Bxb6 Rb8 39.Bxc5 Rxb3 40.Re1 Nc2 
41.Rd1 Nd4 42.Be4 Rc3 43.Bd5 Nb3 44.Bd6 Bf6 45.Re1 Kg7 46.Kg2 Rc2 47.h4 h5
48.Re3 Nd4 49.Bxe5 Bxe5 50.Rxe5 Kf6 51.Re4 Nf5 52.Re6+ Kg7 53.Kf1 Ra2 54.
Re1 1/2-1/2

[Event "10th Biel Festival"]
[Site "Biel SUI"]
[Date "1977.08.03"]
[Round "13"]
[White "Torre, Eugenio"]
[Black "Partos, Charles"]
[Result "1/2-1/2"]
[WhiteElo "2550"]
[BlackElo "2415"]
[EventDate "1977.07.18"]
[PlyCount "40"]

1.e4 c5 2.Nf3 Nc6 3.d4 cxd4 4.Nxd4 g6 5.Be2 Bg7 6.Nb3 Nf6 7.Nc3 d6 8.O-O 
O-O 9.Bg5 Be6 10.Kh1 Nd7 11.f4 Nb6 12.f5 Bc4 13.Bxc4 Nxc4 14.Nd5 h6 15.
Bxe7 Nxe7 16.f6 Nxd5 17.fxg7 Kxg7 18.Qxd5 Qc7 19.Rf4 a6 20.Qd4+ Ne5 
1/2-1/2

[Event "10th Biel Festival"]
[Site "Biel SUI"]
[Date "1977.08.03"]
[Round "13"]
[White "Hug, Werner"]
[Black "Kavalek, Lubomir"]
[Result "1/2-1/2"]
[WhiteElo "2445"]
[BlackElo "2545"]
[EventDate "1977.07.18"]
[PlyCount "33"]

1.c4 g6 2.Nc3 Bg7 3.g3 Nf6 4.Bg2 O-O 5.e4 c5 6.Nge2 Nc6 7.O-O a6 8.d3 Rb8 
9.a4 d6 10.h3 Ne8 11.Be3 Nc7 12.d4 b6 13.f4 Na5 14.b3 Ne6 15.Rb1 cxd4 16.
Nxd4 Bb7 17.Nd5 1/2-1/2

[Event "10th Biel Festival"]
[Site "Biel SUI"]
[Date "1977.08.04"]
[Round "14"]
[White "Hernandez Onna, Roman"]
[Black "Wirthensohn, Heinz"]
[Result "1/2-1/2"]
[WhiteElo "2435"]
[BlackElo "2390"]
[EventDate "1977.07.18"]
[PlyCount "59"]

1.c4 e5 2.Nc3 d6 3.Nf3 g6 4.d4 Nd7 5.g3 Bg7 6.Bg2 Ne7 7.O-O O-O 8.e4 exd4 
9.Nxd4 Ne5 10.b3 c6 11.h3 f5 12.Be3 fxe4 13.Nxe4 Nf5 14.Nxf5 Bxf5 15.Rc1 
Qd7 16.Kh2 Nf7 17.Bf4 Rad8 18.Re1 Rfe8 19.Qd2 h6 20.g4 Bxe4 21.Bxe4 Re6 
22.Bg3 Rde8 23.Bg2 g5 24.f4 gxf4 25.Bxf4 Rxe1 26.Rxe1 Rxe1 27.Qxe1 Be5 28.
Qe3 Bxf4+ 29.Qxf4 Qe6 30.Qe4 1/2-1/2

[Event "10th Biel Festival"]
[Site "Biel SUI"]
[Date "1977.08.05"]
[Round "15"]
[White "Wirthensohn, Heinz"]
[Black "Kavalek, Lubomir"]
[Result "1-0"]
[WhiteElo "2390"]
[BlackElo "2545"]
[EventDate "1977.07.18"]
[PlyCount "80"]

1.d4 Nf6 2.Nf3 d6 3.c4 g6 4.Nc3 Bg7 5.e3 a5 6.Be2 O-O 7.O-O Nbd7 8.b3 Re8 
9.Ba3 e5 10.Qc2 exd4 11.Nxd4 Qe7 12.Rad1 c6 13.Bb2 Nc5 14.a3 Bg4 15.Rfe1 
Bxe2 16.Rxe2 Nfe4 17.Ree1 h5 18.Ra1 Nxc3 19.Bxc3 Qe4 20.Qd1 Red8 21.b4 
axb4 22.axb4 Nd7 23.Rxa8 Rxa8 24.Qb3 Ne5 25.c5 Nd3 26.Rd1 dxc5 27.bxc5 
Nxc5 28.Qb6 Bf8 29.Bb4 Qd3 30.Rf1 Ra6 31.Qd8 Qc4 32.Bxc5 Qxc5 33.h3 Qd6 
34.Qc8 c5 35.Nf3 b5 36.Ng5 Qc6 37.Qb8 Ra8 38.Qf4 Qb7 39.Ne4 Be7 40.Rd1 c4 
1-0

[Event "10th Biel Festival"]
[Site "Biel SUI"]
[Date "1977.08.05"]
[Round "15"]
[White "Torre, Eugenio"]
[Black "Vukic, Milan"]
[Result "1/2-1/2"]
[WhiteElo "2550"]
[BlackElo "2495"]
[EventDate "1977.07.18"]
[PlyCount "79"]

1.e4 c6 2.d4 d5 3.Nc3 dxe4 4.Nxe4 Bf5 5.Ng3 Bg6 6.Nf3 Nd7 7.Bc4 e6 8.O-O 
Ngf6 9.Bb3 Bd6 10.Qe2 Qc7 11.Re1 O-O 12.Ne5 c5 13.Nxg6 hxg6 14.Be3 Rad8 
15.Rad1 Nb6 16.dxc5 Bxc5 17.Bxc5 Qxc5 18.Ne4 Qe5 19.Nxf6+ Qxf6 20.c3 Rxd1 
21.Rxd1 Rd8 22.g3 Rxd1+ 23.Qxd1 Qe7 24.Qd4 Qc7 25.Bc2 Nc8 26.c4 b6 27.b4 
Nd6 28.Bd3 Kf8 29.Qe5 Ne8 30.Qxc7 Nxc7 31.f4 Ke7 32.Kf2 Kd6 33.Ke3 e5 34.
Be4 f5 35.Bb7 Ne6 36.fxe5+ Kxe5 37.h4 g5 38.hxg5 Nxg5 39.Bd5 Nh7 40.Bf3 
1/2-1/2

[Event "10th Biel Festival"]
[Site "Biel SUI"]
[Date "1977.08.05"]
[Round "15"]
[White "Robatsch, Karl"]
[Black "Partos, Charles"]
[Result "1-0"]
[WhiteElo "2435"]
[BlackElo "2415"]
[EventDate "1977.07.18"]
[PlyCount "73"]

1.c4 c5 2.Nf3 Nf6 3.Nc3 Nc6 4.d4 cxd4 5.Nxd4 g6 6.e4 Bg7 7.Be3 O-O 8.Be2 
b6 9.O-O Bb7 10.f3 d6 11.Rc1 Qd7 12.Nxc6 Bxc6 13.Qb3 Qb7 14.Rfd1 Nd7 15.
Nd5 Nc5 16.Qc2 a5 17.Qd2 Rfd8 18.Bg5 Rd7 19.b3 Ne6 20.Be3 Nc5 21.Bf1 e6 
22.Bg5 Kh8 23.Nf6 Rdd8 24.Qf4 Nd7 25.Nxh7 Kxh7 26.Qh4+ Kg8 27.Bxd8 Be5 28.
Bg5 f6 29.Be3 g5 30.Qh6 Nf8 31.Bd4 Bf4 32.Bxf6 Nh7 33.Qg6+ Kf8 34.Bb2 Qe7 
35.Rc2 Be8 36.Qh6+ Kg8 37.Re2 1-0

[Event "10th Biel Festival"]
[Site "Biel SUI"]
[Date "1977.08.05"]
[Round "15"]
[White "Hug, Werner"]
[Black "Kagan, Shimon"]
[Result "1-0"]
[WhiteElo "2445"]
[BlackElo "2440"]
[EventDate "1977.07.18"]
[PlyCount "153"]

1.e4 c5 2.Nf3 g6 3.c3 Bg7 4.Be2 Nc6 5.d4 cxd4 6.cxd4 d6 7.h3 Qb6 8.Nc3 
Nxd4 9.Nxd4 Qxd4 10.Qb3 Qb6 11.Nd5 Qd8 12.O-O e6 13.Nc3 Ne7 14.Rd1 O-O 15.
Bf4 e5 16.Bg5 h6 17.Bxe7 Qxe7 18.Bg4 Bxg4 19.hxg4 Rfc8 20.Rd3 Rc6 21.Rad1 
Qd7 22.R1d2 Bf8 23.Rf3 Kg7 24.Qb5 Rd8 25.Qe2 Be7 26.Rd5 a6 27.a4 Rdc8 28.
g3 Rh8 29.Rfd3 Qc8 30.Qf3 h5 31.gxh5 Rxh5 32.Kf1 Rb6 33.Rd2 Qh8 34.Ke2 Rh1
35.Rc2 Qh3 36.Rd1 Rxd1 37.Nxd1 Qe6 38.Ne3 Qb3 39.Qg4 Rc6 40.Rd2 Qxa4 41.
Rd1 Kf8 42.Rh1 d5 43.Qh3 Qb5+ 44.Kf3 dxe4+ 45.Kg2 Ke8 46.Rd1 Bd6 47.Qh8+ 
Kd7 48.Qf6 Qb3 49.Rd5 Kc7 50.Qxf7+ Kb6 51.Qxg6 Bc5 52.Qxe4 Bxe3 53.Rd3 
Qxb2 54.Qxe3+ Kc7 55.Rd5 Rc2 56.g4 Kc6 57.Rd8 Re2 58.Qf3+ Kc7 59.Re8 Qb5 
60.Re7+ Kb8 61.g5 e4 62.Qf6 e3 63.Rxe3 Qd5+ 64.Kg3 Rxe3+ 65.fxe3 Qh1 66.g6
Qg1+ 67.Kf4 Qf2+ 68.Kg5 Qg2+ 69.Kf5 Qh3+ 70.Ke4 Qg2+ 71.Ke5 Qb2+ 72.Kf5 
Qf2+ 73.Ke6 Qg2 74.g7 Qg4+ 75.Ke7 Qe4+ 76.Kf8 Qb4+ 77.Qe7 1-0